[Event "QA-ANNIV-05"]
[Site "http://www.queenalice.com/game.php?id=654515"]
[Date "2009.9.18"]
[Round "2"]
[White "Cthulhu"]
[Black "jck2"]
[Result "1-0"]
[WhiteElo "2586"]
[BlackElo "2121"]

1. d4 d5 2. c4 c6 3. Nf3 Nf6 4. Nc3 Bf5 5. e3 e6 6. Nh4 Bg6 7. Be2 Bb4 8. Qb3
Qe7 9. O-O Bxc3 10. bxc3 dxc4 11. Bxc4 b5 12. Be2 Nbd7 13. a4 bxa4 14. Qxa4 Be4
15. f3 1-0

[Event "AUTO-OPEN-1200"]
[Site "http://www.queenalice.com/game.php?id=680219"]
[Date "2009.11.9"]
[Round "3"]
[White "Cthulhu"]
[Black "ekup"]
[Result "1-0"]
[WhiteElo "2599"]
[BlackElo "1814"]

1. d4 d5 2. c4 e6 3. Nf3 Nc6 4. Nc3 Nf6 5. Bg5 Be7 6. e3 h6 7. Bh4 a6 8. Rc1 Bd7
9. Bxf6 Bxf6 10. cxd5 exd5 11. Nxd5 Be6 12. Nf4 O-O 13. d5 Bxb2 14. dxe6 Bxc1
15. Qxc1 Qe7 16. exf7+ Rxf7 17. Bc4 Kh8 18. Ng6+ 1-0

[Event "AUTO-OPEN-1200"]
[Site "http://www.queenalice.com/game.php?id=680220"]
[Date "2009.11.9"]
[Round "3"]
[White "ekup"]
[Black "Cthulhu"]
[Result "0-1"]
[WhiteElo "1856"]
[BlackElo "2600"]

1. e4 c5 2. Nf3 d6 3. Bc4 Nf6 4. Nc3 a6 5. a3 e6 6. d3 b5 7. Ba2 Be7 8. O-O O-O
9. Be3 Bb7 10. Qd2 Nc6 11. h3 Rc8 12. Rad1 Qc7 13. Ne2 Rfd8 14. c3 c4 15. dxc4
bxc4 16. Bxc4 Nxe4 17. Qc2 Ne5 18. Nxe5 dxe5 19. Bd3 f5 20. Qb3 Nc5 21. Bxc5 Qc6
22. f3 Qxc5+ 23. Kh1 Bd5 24. Qa4 Rd6 25. Bxa6 Ra8 26. b4 Qe3 27. b5 Qxe2 28. Qa5
Bxf3 29. gxf3 Rxd1 30. Rxd1 Qxd1+ 31. Kg2 Bc5 32. Qc7 Qg1# 0-1

[Event "AUTO-OPEN-1200"]
[Site "http://www.queenalice.com/game.php?id=680221"]
[Date "2009.11.9"]
[Round "3"]
[White "Cthulhu"]
[Black "serrameira"]
[Result "1-0"]
[WhiteElo "2597"]
[BlackElo "1824"]

1. d4 d5 2. c4 e6 3. Nf3 g6 4. Nc3 Bg7 5. Bg5 Ne7 6. Rc1 c6 7. e3 Nd7 8. h3 O-O
9. Be2 f6 10. Bf4 Nb6 11. b3 dxc4 12. bxc4 Nd7 13. O-O a6 14. Qb3 e5 15. dxe5 c5
16. Rfd1 fxe5 17. Nxe5 Nc6 18. Nxd7 Bxd7 19. Bf3 Na5 20. Qa3 Nxc4 21. Qb3 Bxc3
22. Qxc4+ 1-0

[Event "AUTO-OPEN-1200"]
[Site "http://www.queenalice.com/game.php?id=680222"]
[Date "2009.11.9"]
[Round "3"]
[White "serrameira"]
[Black "Cthulhu"]
[Result "0-1"]
[WhiteElo "1841"]
[BlackElo "2598"]

1. e4 c5 2. Nf3 d6 3. d4 cxd4 4. Nxd4 Nf6 5. Bd3 Nc6 6. Nxc6 bxc6 7. O-O g6 8.
h3 Bg7 9. c3 Rb8 10. c4 O-O 11. Re1 Nd7 12. Nc3 Nc5 13. Qd2 Qa5 14. Bc2 Qb4 15.
a3 Qxc4 16. Rd1 f5 17. exf5 Bxf5 18. Bb1 Nb3 19. Ba2 Nxd2 20. Bxc4+ Nxc4 21. g4
Bc2 22. Re1 Nxb2 23. Re2 Bd3 24. Rxb2 Bxc3 25. Rxb8 Rxb8 0-1

[Event "QA-ANNIV-04"]
[Site "http://www.queenalice.com/game.php?id=695088"]
[Date "2009.12.9"]
[Round "7"]
[White "Cthulhu"]
[Black "Lorfman"]
[Result "0-1"]
[WhiteElo "2602"]
[BlackElo "2735"]

1. d4 Nf6 2. c4 g6 3. Nc3 Bg7 4. e4 d6 5. Nf3 O-O 6. Be2 e5 7. O-O Nc6 8. d5 Ne7
9. Ne1 Nd7 10. Be3 f5 11. f3 f4 12. Bf2 g5 13. Rc1 Rf6 14. c5 Nxc5 15. b4 Na6
16. Nb5 Rh6 17. Nxa7 Bd7 18. Bxa6 bxa6 19. Qd3 g4 20. fxg4 Bxg4 21. h3 Bd7 22.
Rc3 Kh8 23. Qc4 Ng8 24. Nf3 Nf6 25. Qe2 Qe8 26. h4 Qh5 27. Rxc7 Rg6 28. Re1 Bh3
29. Ng5 Bg4 30. Qxa6 h6 31. Nf7+ Kh7 32. Rc3 Nxe4 33. Rxe4 Bf3 34. Ng5+ Rxg5 35.
hxg5 Bxe4 36. Qc4 Qd1+ 37. Qf1 Qd2 38. Rc8 Bd3 39. Qc1 Qxc1+ 40. Rxc1 hxg5 41.
a4 e4 42. Rc7 e3 43. Be1 Kg6 44. a5 g4 45. Nc6 Rf8 46. Rd7 Bc3 0-1

[Event "QA-ANNIV-05"]
[Site "http://www.queenalice.com/game.php?id=723879"]
[Date "2010.2.1"]
[Round "3"]
[White "carpielo"]
[Black "Cthulhu"]
[Result "0-1"]
[WhiteElo "1661"]
[BlackElo "2601"]

1. e4 c5 2. e5 Nc6 3. Nf3 Qc7 4. Be2 e6 5. c4 Nxe5 6. Nxe5 Qxe5 7. O-O Ne7 8.
Nc3 Nc6 9. b3 Be7 10. Bb2 O-O 11. Na4 Qc7 12. Bh5 b6 13. Qg4 g6 14. f4 d5 15.
Qg3 dxc4 16. bxc4 Bb7 17. Qc3 Nd4 18. Bf3 Bxf3 19. Rae1 Bc6 20. Qa3 Qd7 21. Nc3
Nc2 22. Qb3 Nxe1 23. Rxe1 Qxd2 24. Ne4 Qxe1# 0-1

[Event "QA-ANNIV-05"]
[Site "http://www.queenalice.com/game.php?id=759031"]
[Date "2010.4.10"]
[Round "4"]
[White "Cthulhu"]
[Black "docb"]
[Result "1-0"]
[WhiteElo "2597"]
[BlackElo "1968"]

1. d4 d5 2. c4 c6 3. Nf3 Nf6 4. Nc3 e6 5. e3 Be7 6. Bd3 dxc4 7. Bxc4 b5 8. Bd3
a6 9. O-O O-O 10. e4 Re8 11. Qc2 Nfd7 12. e5 Bb7 13. Bxh7+ Kh8 14. Ne4 g6 15.
Nfg5 Kg7 16. Nxf7 Kxf7 17. Nd6+ Bxd6 18. Qxg6+ 1-0

[Event "QA-ANNIV-06"]
[Site "http://www.queenalice.com/game.php?id=791109"]
[Date "2010.6.16"]
[Round "1"]
[White "jbliborio"]
[Black "Cthulhu"]
[Result "0-1"]
[WhiteElo "1387"]
[BlackElo "2606"]

1. e4 c5 2. Bc4 e6 3. Nc3 Nc6 4. Be2 d5 5. d3 Nf6 6. Nf3 d4 7. Nb1 e5 8. O-O h6
9. c3 Bd6 10. cxd4 cxd4 11. Qa4 O-O 12. Nbd2 a6 13. Nc4 b5 14. Qb3 bxc4 15. dxc4
Nxe4 16. Bd2 Rb8 17. Qd3 Nc5 18. Qc2 e4 19. Ne1 d3 20. Qd1 dxe2 21. Qxe2 Rxb2
22. f3 Rxd2 23. Qxd2 Bxh2+ 24. Kf2 Qxd2# 0-1

[Event "QA-ANNIV-04"]
[Site "http://www.queenalice.com/game.php?id=808062"]
[Date "2010.7.24"]
[Round "9"]
[White "Cthulhu"]
[Black "AndyWo"]
[Result "1-0"]
[WhiteElo "2609"]
[BlackElo "2610"]

1. d4 Nf6 2. c4 e6 3. Nc3 Bb4 4. e3 O-O 5. Bd3 d5 6. Nf3 c5 7. O-O Nc6 8. a3
Bxc3 9. bxc3 dxc4 10. Bxc4 Qc7 11. h3 e5 12. Bb2 Bf5 13. Qe2 Rac8 14. Ba2 e4 15.
Nd2 Rfd8 16. Rfd1 h6 17. Rac1 Bg6 18. Qb5 Bh5 19. Re1 b6 20. a4 Bg6 21. Red1 Bh5
22. Rf1 Qe7 23. Ba3 Ne8 24. Rfe1 Nd6 25. Qf1 Qg5 26. Kh1 Rc7 27. Rb1 Kh7 28.
Rec1 Kg8 29. Rc2 Na5 30. Rcb2 Nc6 31. Nc4 Rcd7 32. Qg1 Kh7 33. Nxd6 Rxd6 34. Qh2
f5 35. Qg3 Qf6 36. dxc5 Rd1+ 37. Rxd1 Rxd1+ 38. Kh2 Qxc3 39. cxb6 axb6 40. Bb3
Ra1 41. Rc2 Qe1 42. Qf4 Qh1+ 43. Kg3 Rg1 44. f3 exf3 45. Qxf5+ Bg6 46. Qxf3 Rb1
47. Bg8+ Kxg8 48. Rxc6 Kh7 49. Rxg6 Kxg6 50. Qe4+ Kf7 51. Bb4 Qf1 52. Bc3 Qd1
53. Qf5+ Ke7 54. Qe5+ Kd8 55. Qxg7 h5 56. Qg6 Kc7 57. Be5+ Kd7 58. Qf7+ Kc6 59.
Qc4+ Kb7 60. Qe4+ Ka7 61. Kh4 Qd8+ 62. Kxh5 Rb5 63. Kg4 Ra5 64. Kf3 Qd1+ 65. Kg3
Rxa4 66. Bd4 Qe1+ 67. Kh2 Rb4 68. h4 Rb1 69. g3 Qe2+ 70. Kh3 Re1 71. Qc6 Rb1 72.
g4 Qf1+ 73. Qg2 Qf7 74. h5 Qe6 75. Qf3 Rb5 76. Kg3 Qa2 77. Qf1 Rb1 78. Qf5 Ka6
79. h6 Rg1+ 80. Kh4 Qg8 81. Qd3+ Ka7 82. Qe4 1-0

[Event "QA-ANNIV-06"]
[Site "http://www.queenalice.com/game.php?id=837061"]
[Date "2010.9.23"]
[Round "2"]
[White "Cthulhu"]
[Black "michas"]
[Result "1-0"]
[WhiteElo "2608"]
[BlackElo "1787"]

1. d4 h5 2. e4 h4 3. Nc3 h3 4. Nxh3 d5 5. Nxd5 Bxh3 6. gxh3 e6 7. Nc3 Bb4 8. Rg1
Bxc3+ 9. bxc3 Nf6 10. Rxg7 Nxe4 11. Qf3 Nf6 12. Rb1 Nc6 13. Bg5 Rh6 14. Bxh6 Qe7
15. Rxb7 Nd8 16. Bb5+ Kf8 17. Rg6# 1-0

[Event "QA-ANNIV-06"]
[Site "http://www.queenalice.com/game.php?id=885100"]
[Date "2011.1.12"]
[Round "3"]
[White "rhsatrhs"]
[Black "Cthulhu"]
[Result "0-1"]
[WhiteElo "2014"]
[BlackElo "2621"]

1. e4 c5 2. Nf3 d6 3. d4 cxd4 4. Nxd4 Nf6 5. Nc3 a6 6. Be3 e5 7. Nb3 Be6 8. Qd2
Nbd7 9. O-O-O Be7 10. f4 b5 11. f5 Bc4 12. g4 Nxg4 13. Rg1 Ndf6 14. Bh3 h5 15.
Nd5 Nxe4 16. Qg2 Bxd5 17. Bxg4 Bg5 18. Rge1 Bxe3+ 19. Rxe3 Qg5 20. Rd3 hxg4 0-1

[Event "QA-ANNIV-05"]
[Site "http://www.queenalice.com/game.php?id=885945"]
[Date "2011.1.13"]
[Round "7"]
[White "Cthulhu"]
[Black "Lorfman"]
[Result "0-1"]
[WhiteElo "2622"]
[BlackElo "2861"]

1. d4 Nf6 2. c4 g6 3. Nc3 Bg7 4. e4 d6 5. Nf3 O-O 6. Be2 e5 7. O-O Nc6 8. d5 Ne7
9. Ne1 Nd7 10. Be3 f5 11. f3 f4 12. Bf2 g5 13. a4 a5 14. Nd3 b6 15. b4 axb4 16.
Nb5 Nf6 17. Be1 g4 18. Bxb4 g3 19. a5 c5 20. Be1 bxa5 21. Qa4 Ng6 22. hxg3 fxg3
23. Bxg3 Nh5 24. Bh2 Ngf4 25. Ra2 Qg5 26. Bxf4 exf4 27. e5 Bd7 28. Qc2 Bxb5 29.
cxb5 Ng3 30. Rb1 Bxe5 31. Nxe5 Qxe5 32. Qd2 Rf5 33. b6 Rh5 34. b7 Rb8 35. Kf2
Qf6 36. Ba6 c4 37. Bxc4 Qh4 0-1

[Event "QA-ANNIV-06"]
[Site "http://www.queenalice.com/game.php?id=924411"]
[Date "2011.4.10"]
[Round "4"]
[White "Cthulhu"]
[Black "bassoandre"]
[Result "1-0"]
[WhiteElo "2622"]
[BlackElo "1928"]

1. d4 Nf6 2. c4 e5 3. dxe5 Ng4 4. Bf4 Nc6 5. Nf3 Bb4+ 6. Nbd2 Qe7 7. e3 Ncxe5 8.
Nxe5 Nxe5 9. Be2 d6 10. O-O O-O 11. Nb3 Ng6 12. Bg3 Be6 13. Qc2 Rac8 14. Rfd1
Rfd8 15. h3 d5 16. c5 b6 17. Rac1 Rb8 18. Nd4 Bxc5 19. Nc6 Qd7 20. Nxb8 Rxb8 21.
b4 Bxb4 22. Qxc7 Qxc7 23. Rxc7 Ra8 24. Bf3 Ne7 25. e4 1-0

[Event "QA-ANNIV-05"]
[Site "http://www.queenalice.com/game.php?id=953549"]
[Date "2011.6.24"]
[Round "9"]
[White "Cthulhu"]
[Black "AndyWo"]
[Result "1/2-1/2"]
[WhiteElo "2624"]
[BlackElo "2614"]

1. d4 Nf6 2. c4 e6 3. Nc3 Bb4 4. e3 O-O 5. Bd3 d5 6. Nf3 c5 7. O-O Nc6 8. a3
Bxc3 9. bxc3 dxc4 10. Bxc4 Qc7 11. h3 e5 12. Bb2 Bf5 13. Qe2 Rac8 14. Ba2 e4 15.
Nd2 Rfd8 16. Rfd1 h6 17. Rac1 Qe7 18. a4 cxd4 19. exd4 Qd7 20. Ba3 Ne7 21. Nc4
Ned5 22. Ne5 Qe8 23. Qb2 Be6 24. Re1 Nf4 25. Bxe6 Qxe6 26. Qxb7 Re8 27. a5 N6h5
28. c4 f6 29. Ng4 Nd3 30. d5 Qf7 31. Qxf7+ Kxf7 32. Ne3 Nxc1 33. Rxc1 Nf4 34.
Kh2 Nd3 35. Rc2 Red8 36. c5 Nf4 37. d6 Ke6 38. c6 Rxd6 39. Bxd6 Kxd6 40. Nf5+
Kc7 41. Rc4 Re8 42. Nxg7 Re5 43. g4 h5 44. gxh5 Nxh5 45. Nxh5 Rxh5 46. Rxe4 Rxa5
47. Rc4 Rh5 48. h4 f5 49. Kh3 Rh7 50. Rc5 Rh5 51. Ra5 Kxc6 52. Rxa7 Kd6 53. Rg7
Rh8 54. Rg5 Ke6 55. h5 Kf7 56. Kh4 Ra8 57. Rxf5+ Kg7 58. Rg5+ Kh6 59. Rg6+ Kh7
60. f4 Ra1 61. f5 Rh1+ 62. Kg5 Rg1+ 63. Kf6 Ra1 64. Ke5 Re1+ 65. Kf4 Rf1+ 66.
Kg5 Rg1+ 67. Kf4 Rf1+ 68. Ke5 Re1+ 69. Kf6 Ra1 70. Rg3 Kh6 71. Re3 Kxh5 72. Kg7
Ra7+ 1/2-1/2

[Event "QA-ANNIV-05"]
[Site "http://www.queenalice.com/game.php?id=983088"]
[Date "2011.9.9"]
[Round "10"]
[White "plexus"]
[Black "Cthulhu"]
[Result "1/2-1/2"]
[WhiteElo "2644"]
[BlackElo "2625"]

1. d4 Nf6 2. c4 g6 3. Nc3 Bg7 4. e4 d6 5. Nf3 O-O 6. Be2 e5 7. O-O Nc6 8. d5 Ne7
9. b4 Nh5 10. c5 f5 11. a4 Nf4 12. Bc4 fxe4 13. Nxe4 Bg4 14. Ra3 Nf5 15. Bxf4
exf4 16. Qd2 Bh6 17. Re1 Bxf3 18. Rxf3 Re8 19. Rh3 Re5 20. g4 fxg3 21. f4 Qf8
22. hxg3 Re7 23. Bd3 Rae8 24. g4 Nd4 25. Qf2 Bg7 26. cxd6 cxd6 27. Kh1 Qf7 28.
f5 gxf5 29. gxf5 Qxf5 30. Qg2 Qg6 31. Rg3 Qh6+ 32. Rh3 Qg6 33. Rg3 Qh6+ 34. Rh3
Qg6 1/2-1/2